[Event "GER-chT U12"]
[Site "Verden"]
[Date "2014.12.27"]
[Round "1.2"]
[White "Feicht, Florian"]
[Black "Sorokin, Michael"]
[Result "0-1"]
[WhiteElo "1430"]
[BlackElo "1129"]
[PlyCount "46"]
[EventDate "2014.12.27"]
[EventType "team-swiss"]
[EventRounds "7"]
[EventCountry "GER"]
[SourceTitle "EXT 2016"]
[Source "ChessBase"]
[SourceDate "2015.10.08"]
[SourceVersion "1"]
[SourceVersionDate "2015.10.08"]
[SourceQuality "1"]
[WhiteTeam "Tegernsee"]
[BlackTeam "Lendersdorf"]
[WhiteTeamCountry "GER"]
[BlackTeamCountry "GER"]

1. e4 c5 2. Nf3 d6 3. Nc3 Nc6 4. d3 Nf6 5. Bg5 g6 6. Bxf6 exf6 7. Be2 Bg7 8. Qd2 0-0 9. 0-0 f5 10. exf5 Bxf5 11. Rab1 d5 12. Nd1 d4 13. c3 Re8 14. cxd4 cxd4 15. b3 Rc8 16. Nb2 b5 17. Rbc1 Qd6 18. a4 a6 19. Rfe1 Qb4 20. Qxb4 Nxb4 21. Kf1 Rc3 22. Bd1 Rxe1+ 23. Nxe1 Rxc1 0-1